000 00528nam a2200205Ia 4500
003 OSt
005 20220926035630.0
006 a|||||r|||| 00| 0
007 ta
008 220923b |||||||| |||| 00| 0 eng d
037 _cGeneral Book
040 _aRTL
_cRTL
_beng
041 _2eng
_aeng
082 _aY:351, G0
100 _aKrappe Alexander Haggesty
_9342573
245 0 _aScience of folk-lore
260 _c1930
942 _hY:351, G0
_cGB
_2CC
999 _c662724
_d662724